| 000 | 00926nac a22002897a 4500 | ||
|---|---|---|---|
| 001 | BR7900400 | ||
| 003 | BR-BrBNA | ||
| 005 | 20240105114356.0 | ||
| 008 | 230509b bl.|||m| |||| 00| 0 por d | ||
| 040 |
_aBR-BrBNA _bpor _cBiblioteca Nacional de Agricultura |
||
| 072 | _aQ02 | ||
| 090 | _a0230 BR7900400 | ||
| 100 | 1 | _aTorres, F.J. | |
| 100 | 1 | _aNascimento, J.M.M. do | |
| 100 | 1 | _aMonteiro, G. de C. | |
| 100 | 1 | _aPeixoto, A.A.F.P. | |
| 110 | 1 |
_aPrograma Nacional de Melhoramento da Cana-de-Acucar, Maceio, AL (Brasil). Coordenadoria Regional Nordeste _98026 |
|
| 245 | 1 | _aOperador de sulfitador: manual do instrutor | |
| 260 | 3 |
_aMaceio, AL (Brasil): _c1978. |
|
| 300 | _a150 p. | ||
| 490 |
_aColecao Pesquisa Canavieira (Brazil) _vno. 3 _x |
||
| 650 | _aCANA DE ACUCAR | ||
| 650 | _aACUCAR | ||
| 650 | _aTECNOLOGIA DE ALIMENTO | ||
| 909 |
_a202312 _bLúcia Elande _c55 _dLúcia Elande |
||
| 942 |
_2AGRIS _n0 _cMS |
||
| 999 |
_c269000 _d269000 |
||